000 00949nas a2200289 4500
001 BR9202821
003 BR-BrBNA
005 20231205092548.0
007 ta
008 230509b bl.|||p| |||| 00| 00por d
040 _aBR-BrBNA
_bpor
_cBiblioteca Nacional de Agricultura
041 _a(Pt)
072 _aF01; F03
100 1 _aBhering, M.C.
100 1 _aReis, M.S.
100 1 _aSediyama, C.S.
100 1 _aSediyama, T.
100 1 _aAndrade, M.A.S.
245 1 _aInfluencia de epocas de plantio sobre a qualidade fisiologica das sementes de soja (Glycine max (L.)Merrill)
246 1 _aInfluence of planting date on physiological quality of soybean seed (Glycine max (L.)Merrill)
650 _aSOJA
650 _aEPOCA DE PLANTIO
650 _aSEMENTE
773 0 _tRevista Ceres (Brazil)
_xISSN 0034-737X
_g(Sep-Oct 1991), v. 38(219) p. 409-421
_wBR9202821
909 _a202311
_bLúcia
_c55
_dLúcia Elande
942 _2AGRIS
_n0
_cANA
999 _c132524
_d132524